000 00896nam a2200241 a 4500
001 BRCA_8897
005 20190320210442.0
008 160617s1775----sp-#######---#000-0#spa-#
041 _aspa
044 _asp
084 _aCO60
_b.G35 1775
100 1 _aGallo y Fuentes, Nicolas
_d1690 - 1757
_921705
245 1 0 _aPlaticas predicadas
_cpor el P. D. Nicolas Gallo y Fuentes; las da a luz Don Francisco Ignacio de Cortines...
260 _aMadrid
_bEn la Oficina de D. Manuel Martin, calle de la Cruz, donde se hallará
_c1775
300 _a[6], 374 p. (t.4)
_c21 x 14.5 cm.
500 _aCon las licencias necesarias
500 _aEstado físico: presenta encuadernación en pergamino, con hojas manchadas
650 1 4 _aTeología pastoral
_yS. XVIII
_921706
700 1 _aManuel Martin
_eImpresor
_922137
700 1 _aCortines, Francisco Ignacio de
_921707
902 _aCFM
942 _2lcc
_cB
999 _c8548
_d8548